000 00579nam a2200193Ia 4500
005 20250326140558.0
008 250326s9999 xx 000 0 und d
020 _a0-8473-7167-8
037 _aTextbook
040 _aFMSL
_beng
_cFMSL
041 _aeng
_2eng
084 _aX:obD658(2:55) N9
_qFMSL
100 _aLiebowitz J
_9741640
245 0 _aInformation technology management: knowkedge repository
_cLiebowitz J
260 _aFlorida
_bFlorida, C R C press
_c1999
300 _axii,202
942 _cTB
_hX:obD658(2:55) N9
999 _c1286406
_d1286406